00420nam a2200085Ia 4500008004100000245015600041260000900197300010100206650002700307180130s9999 xx 000 0 und d cLewin, Arie Y.; Zhong, XingaThe co-evolution of global sourcing of business support functions and the economic development of Asian emerging economies c2014 aBook title: The Oxford handbook of Asian business systems--Acession number C19643; pages 487-512 aBUSINESS SYSTEMS--ASIA